পরিবেশ আইন সংকলন = A Compilation of environmental laws / (Record no. 47750)
[ view plain ]
| 000 -LEADER | |
|---|---|
| fixed length control field | 01417nam a2200241 a 4500 |
| 001 - CONTROL NUMBER | |
| control field | 47750 |
| 003 - CONTROL NUMBER IDENTIFIER | |
| rucl marc code | BD-RjUL |
| 005 - DATE AND TIME OF LATEST TRANSACTION | |
| control field | 20211209054403.0 |
| 008 - FIXED-LENGTH DATA ELEMENTS--GENERAL INFORMATION | |
| fixed length control field | 160810s2002 bg ||||| |||| 00| 0 ben d |
| 020 ## - INTERNATIONAL STANDARD BOOK NUMBER | |
| Terms of availability | : Tk.450.00 |
| 035 ## - SYSTEM CONTROL NUMBER | |
| System control number | (BD-RjUL)47869 |
| 040 ## - CATALOGING SOURCE | |
| Original cataloging agency | BD-RjUL |
| Language of cataloging | ben |
| Transcribing agency | BD-RjUL |
| Modifying agency | BD-RjUL |
| 041 ## - LANGUAGE CODE | |
| Language code of text/sound track or separate title | ben |
| 082 ## - DEWEY DECIMAL CLASSIFICATION NUMBER | |
| Edition number | 23 |
| Classification number | 344.046 |
| Author mark and year | POR 2002 |
| 110 ## - MAIN ENTRY--CORPORATE NAME | |
| Corporate name or jurisdiction name as entry element | পরিবেশ অধিদপ্তর |
| 9 (RLIN) | 145022 |
| 245 ## - TITLE STATEMENT | |
| Title | পরিবেশ আইন সংকলন = A Compilation of environmental laws / |
| Statement of responsibility, etc. | পরিবেশ অধিদপ্তর |
| 260 ## - PUBLICATION, DISTRIBUTION, ETC. (IMPRINT) | |
| Place of publication, distribution, etc. | পরিবেশ অধিদপ্তর : |
| Name of publisher, distributor, etc. | বাংলাদেশ এনভায়রনমেন্টাল ম্যানেজমেন্ট প্রজেক্ট, |
| Date of publication, distribution, etc. | ২০০২ |
| 300 ## - PHYSICAL DESCRIPTION | |
| Pagination | x, ৩৪৮ পৃ. : |
| Illustrations | চিত্র ; |
| Size | ২৬ সেমি. |
| 500 ## - GENERAL NOTE | |
| General note | বাংলাদেশ পরিবেশ সংরক্ষণ আইন, ১৯৯৫ এবং পরিবেশ অধিদপ্তর কর্তৃক প্রয়োগযোগ্য অন্যান্য আইন, বিধিমালা,প্রজ্ঞাপন ইত্যাদির সংকলন (৩০-১১-২০০২ ইং পর্যন্ত সংশোধিতরুপে) |
| 650 ## - SUBJECT ADDED ENTRY--TOPICAL TERM | |
| Topical term or geographic name as entry element | পরিবেশ রক্ষা |
| 9 (RLIN) | 145023 |
| Topical term or geographic name as entry element | Environmental Protection |
| 9 (RLIN) | 134201 |
| 942 ## - ADDED ENTRY ELEMENTS (KOHA) | |
| Source of classification or shelving scheme | Dewey Decimal Classification |
| Koha item type | Books |
| Lost status | Source of classification or shelving scheme | Damaged status | Not for loan | Collection code | Permanent Location | Current Location | Shelving location | Date acquired | Source of acquisition | Total Checkouts | Full call number | Date last seen | Copy number | Koha item type | Date checked out |
|---|---|---|---|---|---|---|---|---|---|---|---|---|---|---|---|
| Dewey Decimal Classification | Non-fiction | Central Library, University of Rajshahi | Central Library, University of Rajshahi | 10/08/2003 | Gift | B 344.046 POR 2002 | 10/08/2016 | C-2 | Books | ||||||
| Dewey Decimal Classification | Non-fiction | Central Library, University of Rajshahi | Central Library, University of Rajshahi | 10/08/2003 | Gift | B 344.046 POR 2002 | 10/08/2016 | C-3 | Books | ||||||
| Dewey Decimal Classification | Non-fiction | Central Library, University of Rajshahi | Central Library, University of Rajshahi | 10/08/2003 | Gift | B 344.046 POR 2002 | 10/08/2016 | C-4 | Books | ||||||
| Dewey Decimal Classification | Non-fiction | Central Library, University of Rajshahi | Central Library, University of Rajshahi | 10/08/2003 | Gift | B 344.046 POR 2002 | 10/08/2016 | C-5 | Books | ||||||
| Dewey Decimal Classification | Non-fiction | Central Library, University of Rajshahi | Central Library, University of Rajshahi | 10/08/2003 | Gift | 2 | B 344.046 POR 2002 | 12/07/2023 | C-6 | Books | 09/07/2023 | ||||
| Dewey Decimal Classification | Not For Loan | Non-fiction | Central Library, University of Rajshahi | Central Library, University of Rajshahi | Reading Room | 10/08/2003 | B 344.046 POR 2002 | 29/12/2016 | C-1 | Books |